000 00766nmc a2200265 a 4500
003 AR-BaBNM
005 20251128203919.0
008 025119s1986 ||||||||||||||000 | spa||
020 _a84-7046-430-2
040 _cAR-BaBNM
100 1 _aMatilla, Luis
245 1 0 _aLa fiesta de los dragones
_bteatro de animación
260 _aMadrid
_bCincel
_c1986
300 0 _a184 p.
_bil., fot.
490 0 _aExpresión y escuela
500 1 _aIncluye dibujos de alumnos del colegio San José del Avila, Caracas {Venezuela}
650 4 _aTEATRO ESCOLAR
650 4 _aACTIVIDADES CULTURALES
650 4 _aENSENANZA DE ARTE DRAMATICO
650 4 _aJUEGOS INFANTILES
653 0 _aTITERES
700 1 _aHerans, Carlos
_eilustrador
942 _cBK
998 _cHector
999 _c5449
_d5449